पटियाला दरबार का हिन्दी नीति काव्य / (Record no. 10963)

MARC details
000 -LEADER
fixed length control field 01137 a2200217 4500
005 - DATE AND TIME OF LATEST TRANSACTION
control field 20080829162935.0
008 - FIXED-LENGTH DATA ELEMENTS--GENERAL INFORMATION
fixed length control field 080829t xxu||||| |||| 00| 0 hin d
010 ## - LIBRARY OF CONGRESS CONTROL NUMBER
LC control number HIN-82751
020 ## - INTERNATIONAL STANDARD BOOK NUMBER
International Standard Book Number 8188134651
Terms of availability 450.00
035 ## - SYSTEM CONTROL NUMBER
System control number HN-55097
037 ## - SOURCE OF ACQUISITION
Source of stock number/acquisition पु.प्र.अ.प्र/प्रका
082 ## - DEWEY DECIMAL CLASSIFICATION NUMBER
Classification number 821.08
100 ## - MAIN ENTRY--PERSONAL NAME
Personal name नीरजा मोहन
245 ## - TITLE STATEMENT
Title पटियाला दरबार का हिन्दी नीति काव्य /
Statement of responsibility, etc नीरजा मोहन
246 ## - VARYING FORM OF TITLE
Title proper/short title Patiyala darbar ka Hindi niti kavya
Remainder of title by Neeraja Mohan
260 ## - PUBLICATION, DISTRIBUTION, ETC. (IMPRINT)
Place of publication, distribution, etc नई दिल्ली
Name of publisher, distributor, etc सत्यम पब्लिशिंग हाऊस
Date of publication, distribution, etc 2007
270 ## - ADDRESS
Address एन-3/25, मोहन गार्डन
City नई दिल्ली
Postal code 110059
Telephone number 011- 25358642
300 ## - PHYSICAL DESCRIPTION
Extent xx,203पृ
Dimensions 22 सेमी (सजिल्द)
942 ## - ADDED ENTRY ELEMENTS (KOHA)
Institution code [OBSOLETE] dpl
Koha item type Hindi Books
Call number prefix 821.08 / नीरजा
Source of classification or shelving scheme Dewey Decimal Classification
Classification part 821.08
Call number suffix नीरजा
Holdings
Withdrawn status Lost status Damaged status Not for loan Home library Current library Date acquired Cost, normal purchase price Total Checkouts Full call number Barcode Date last seen Copy number Uniform Resource Identifier Cost, replacement price Price effective from Koha item type
        D.B.Act.Division D.B.Act.Division   450.00   821.08 नीरजा HN-55097 15/09/2008 1 12065 450.00 15/09/2008 Hindi Books

© Delhi Public Library
Hit Counter
free hit counter